CS:GO - PGL Major Antwerp 2022 - All teams and players - Statistics

General Stats
  • This quiz has been taken 7 times
  • The average score is 65 of 144
Answer Stats
Hint Answer % Correct
Aleksib
100%
apEX
100%
Astralis
100%
12-14th broky
100%
Cloud9
100%
dupreeh
100%
EliGE
100%
ENCE
100%
Eternal Fire
100%
1st FaZe
100%
FURIA
100%
G2
100%
HEROIC
100%
Imperial
100%
2nd karrigan
100%
Liquid
100%
m0NESY
100%
MIBR
100%
NAF
100%
15-16th Natus Vincere
100%
NiKo
100%
Ninjas in Pyjamas
100%
3-4th rain
100%
9-11th ropz
100%
17-19th s1mple
100%
sh1ro
100%
Spinx
100%
Spirit
100%
5-8th Twistzz
100%
Vitality
100%
XANTARES
100%
ZywOo
100%
9z
50%
arT
50%
Ax1Le
50%
b1t
50%
Bad News Eagles
50%
BIG
50%
blameF
50%
boltz
50%
23-24th Boombl4
50%
cadiaN
50%
chopper
50%
Complexity
50%
Copenhagen Flames
50%
degster
50%
drop
50%
dycha
50%
20-22nd electroNic
50%
FalleN
50%
fer
50%
FL1T
50%
floppy
50%
fnx
50%
gla1ve
50%
Grim
50%
hades
50%
hampus
50%
HObbit
50%
HooXi
50%
huNter-
50%
imoRR
50%
jabbi
50%
JACKZ
50%
Jame
50%
JOTA
50%
junior
50%
KSCERATO
50%
Maden
50%
Magisk
50%
magixx
50%
misutaaa
50%
nafany
50%
nicoodoz
50%
nitr0
50%
oSee
50%
Outsiders
50%
Patsi
50%
Perfecto
50%
Plopski
50%
Qikert
50%
refrezh
50%
REZ
50%
rigoN
50%
roeJ
50%
S1ren
50%
saffee
50%
shox
50%
sjuush
50%
Snappi
50%
stavn
50%
tabseN
50%
TeSeS
50%
VINI
50%
woxic
50%
YEKINDAR
50%
yuurih
50%
aliStair
0%
bLitz
0%
Brollan
0%
buster
0%
Calyx
0%
chelo
0%
dav1deuS
0%
dgt
0%
es3tag
0%
exit
0%
FaNg
0%
Farlig
0%
faveN
0%
FORZE
0%
gxx-
0%
Hatz
0%
IHC
0%
INS
0%
interz
0%
Jerry
0%
JT
0%
juanflatroo
0%
k0nfig
0%
kabal
0%
KENSI
0%
Krimbo
0%
Liazz
0%
Luken
0%
max
0%
nin9
0%
Norwi
0%
Renegades
0%
rox
0%
SENER1
0%
shalfey
0%
Sico
0%
sinnopsyy
0%
sk0R
0%
syrsoN
0%
Techno
0%
tiziaN
0%
Tuurtle
0%
WOOD7
0%
xfl0ud
0%
Xyp9x
0%
zorte
0%
Zyphon
0%
No matching quizzes found
Score Distribution
Percent of People with Each Score
Percentile by Number Answered
Your Score History
You have not taken this quiz